Things that fly. (Record no. 114459)
[ view plain ]
| 000 -LEADER | |
|---|---|
| fixed length control field | 00291nam a2200121 a 4500 |
| 005 - DATE AND TIME OF LATEST TRANSACTION | |
| control field | 20140414132101.0 |
| 008 - FIXED-LENGTH DATA ELEMENTS--GENERAL INFORMATION | |
| fixed length control field | 100703s19uu xx 00 eng d |
| 050 ## - LIBRARY OF CONGRESS CALL NUMBER | |
| Classification number | ER |
| Item number | Th422 2000 |
| 100 ## - MAIN ENTRY--PERSONAL NAME | |
| Personal name | Kidd, Ronald |
| 245 ## - TITLE STATEMENT | |
| Title | Things that fly. |
| 260 ## - PUBLICATION, DISTRIBUTION, ETC. (IMPRINT) | |
| Name of publisher, distributor, etc | Advanced pub, |
| Date of publication, distribution, etc | 2000. |
| Withdrawn status | Lost status | Damaged status | Home library | Current library | Shelving location | Date acquired | Source of acquisition | Total Checkouts | Full call number | Barcode | Date last seen | Price effective from | Koha item type |
|---|---|---|---|---|---|---|---|---|---|---|---|---|---|
| Munich Library | Munich Library | Easy Reading Section | 07/03/2010 | ER Th422 2000 | M6296 | 04/14/2014 | 04/14/2014 | Books |